000 00475nam a2200169Ia 4500
003 GCL
008 140319s9999 xx 000 0 ara d
040 _aGCL /
_cGCL
082 0 4 _a301.2
_bع ا
100 1 _aعبدالله العروى
245 1 0 _aالايديولوجيا العربية المعاصرة /
_cعبدالله العروى
300 _a233 ص
490 _a
650 0 4 _aالماركسية
650 0 4 _aالثقافة العربية
942 _2ddc
_cBK
999 _c39227
_d39227